[Event "2nd GMA World Cup prel  #3"]
[Site "Palma de Mallorca"]
[Date "1989.??.??"]
[Round "2"]
[White "Lautier, Joel"]
[Black "Smagin, Sergei"]
[Result "1/2-1/2"]
[WhiteElo "2465"]
[BlackElo "2535"]
[EventDate "1989.12.??"]
[PlyCount "88"]

1.d4 d5 2.c4 c6 3.Nf3 Nf6 4.Nc3 e6 5.cxd5 exd5 6.Bg5 Be7 7.Qc2 g6 8.e3 Bf5
9.Bd3 Bxd3 10.Qxd3 Nbd7 11.O-O O-O 12.Rab1 a5 13.Rfc1 Re8 14.Nd2 Ng4 15.
Bxe7 Qxe7 16.h3 Nh6 17.Na4 Nf5 18.Nc5 Nxc5 19.Rxc5 Nd6 20.a4 Qd8 21.Qb3 
Re6 22.Re1 Ra6 23.Qd3 Qb6 24.Rc2 Ra8 25.Nb3 Ne4 26.f3 Nd6 27.Nc5 Re7 28.
Rce2 Rd8 29.Qc3 Nf5 30.g4 Nd6 31.Kg2 Rde8 32.e4 dxe4 33.fxe4 Qb4 34.Qxb4 
axb4 35.Kf3 Nc4 36.b3 Na5 37.Rd1 Rd8 38.Red2 Kg7 39.Rd3 h6 40.e5 f6 41.d5 
cxd5 42.exf6+ Kxf6 43.Rxd5 Rxd5 44.Rxd5 Kf7 1/2-1/2

[Event "2nd GMA World Cup prel  #3"]
[Site "Palma de Mallorca"]
[Date "1989.??.??"]
[Round "2"]
[White "Westerinen, Heikki"]
[Black "Kozul, Zdenko"]
[Result "1-0"]
[WhiteElo "2435"]
[BlackElo "2560"]
[EventDate "1989.12.??"]
[PlyCount "61"]

1.e4 c5 2.Nf3 d6 3.d4 cxd4 4.Nxd4 Nf6 5.Nc3 Nc6 6.Bg5 e6 7.Bb5 Bd7 8.Bxc6 
bxc6 9.Qf3 h6 10.Bh4 e5 11.Nf5 Bxf5 12.Qxf5 Be7 13.O-O-O Rb8 14.Rd3 g6 15.
Qf3 g5 16.Bg3 Nd7 17.Rhd1 Nc5 18.Bxe5 Nxd3+ 19.Rxd3 O-O 20.Nd1 Qa5 21.Bc3 
Qxa2 22.b3 Rfe8 23.Ne3 Qa3+ 24.Bb2 Qa5 25.Ng4 f6 26.Nxf6+ Kf7 27.Qh5+ Ke6 
28.Nxe8 Qe1+ 29.Rd1 Qxe4 30.Qxh6+ Kf7 31.Nxd6+ 1-0

[Event "2nd GMA World Cup prel  #3"]
[Site "Palma de Mallorca"]
[Date "1989.??.??"]
[Round "2"]
[White "Dlugy, Maxim"]
[Black "Bagirov, Vladimir"]
[Result "1-0"]
[WhiteElo "2530"]
[BlackElo "2460"]
[EventDate "1989.12.??"]
[PlyCount "75"]

1.d4 d6 2.c4 e5 3.Nf3 e4 4.Ng5 f5 5.Nc3 Be7 6.Nh3 Nf6 7.Nf4 c6 8.e3 Na6 9.
h4 O-O 10.Be2 Nc7 11.d5 c5 12.a3 Nd7 13.g3 Bf6 14.Bd2 Ne5 15.b4 b5 16.cxb5
c4 17.Qb1 Qe8 18.a4 Bb7 19.Qa2 Rc8 20.Bxc4 Nxc4 21.Qxc4 Ne6 22.Qb3 Nxf4 
23.gxf4 Qh5 24.Rc1 Bxh4 25.Nd1 Qg4 26.Rc6 Bf6 27.Qc4 Qg2 28.Qf1 Qg6 29.Qh3
h6 30.Qh5 Qg2 31.Rh3 Qg1+ 32.Ke2 Qg4+ 33.Qxg4 fxg4 34.Rg3 h5 35.Bc3 g5 36.
fxg5 Bxg5 37.Bd4 Rf5 38.Nc3 1-0

[Event "2nd GMA World Cup prel  #3"]
[Site "Palma de Mallorca"]
[Date "1989.??.??"]
[Round "2"]
[White "Barlov, Dragan"]
[Black "Abramovic, Bosko"]
[Result "1/2-1/2"]
[WhiteElo "2520"]
[BlackElo "2465"]
[EventDate "1989.12.??"]
[PlyCount "107"]

1.e4 c5 2.Nf3 Nc6 3.Nc3 g6 4.d4 cxd4 5.Nxd4 Bg7 6.Be3 Nf6 7.Bc4 O-O 8.Bb3 
a5 9.a3 Ng4 10.Qxg4 Nxd4 11.Qd1 Nxb3 12.cxb3 d6 13.Bd4 Be6 14.Bxg7 Kxg7 
15.Qd4+ Kg8 16.b4 axb4 17.Qxb4 Qd7 18.O-O Rfc8 19.Rfd1 Rc4 20.Qb6 Qc6 21.
Qxc6 bxc6 22.Rd2 Rb8 23.Re1 f6 24.f3 Kf7 25.Kf2 Rc5 26.Rc1 Ra5 27.Ne2 c5 
28.Nc3 Ra7 29.Nd5 Rab7 30.Rcc2 Rb3 31.Ke1 g5 32.Kd1 g4 33.fxg4 Bxg4+ 34.
Kc1 Bh5 35.Rc3 Bg6 36.Rxb3 Rxb3 37.Kc2 Rb7 38.Re2 h6 39.Kc3 e6 40.Nf4 Bh7 
41.Nd3 Ra7 42.Nf2 h5 43.Kc4 e5 44.Kb5 Ke7 45.Nd1 f5 46.Kb6 Ra8 47.Nc3 Ke6 
48.Nb5 Rd8 49.Kc6 fxe4 50.Nc7+ Ke7 51.Nd5+ Ke6 52.Nc7+ Ke7 53.Nd5+ Ke6 54.
Nc7+ 1/2-1/2

[Event "2nd GMA World Cup prel  #3"]
[Site "Palma de Mallorca"]
[Date "1989.??.??"]
[Round "2"]
[White "Vaiser, Anatoly"]
[Black "Mednis, Edmar"]
[Result "1/2-1/2"]
[WhiteElo "2555"]
[BlackElo "2430"]
[EventDate "1989.12.??"]
[PlyCount "71"]

1.d4 Nf6 2.c4 e6 3.Nc3 Bb4 4.e3 c5 5.Ne2 d5 6.a3 Bxc3+ 7.Nxc3 cxd4 8.exd4 
dxc4 9.Bxc4 Nc6 10.Be3 O-O 11.O-O b6 12.Qf3 Bb7 13.Qh3 Ne7 14.Bd3 Ng6 15.
f4 Nd5 16.f5 exf5 17.Nxd5 Bxd5 18.Bxf5 Qh4 19.Rac1 Rae8 20.Rc3 Re7 21.Qxh4
Nxh4 22.Bh3 Ng6 23.g3 Rfe8 24.Kf2 Nf8 25.Rfc1 h6 26.Bf1 Nd7 27.Rc7 Nf6 28.
Rxe7 Rxe7 29.Rc8+ Kh7 30.Bd3+ g6 31.Bd2 Ne4+ 32.Bxe4 Bxe4 33.g4 Rd7 34.Bf4
f6 35.b4 g5 36.Bg3 1/2-1/2

[Event "2nd GMA World Cup prel  #3"]
[Site "Palma de Mallorca"]
[Date "1989.??.??"]
[Round "2"]
[White "Ree, Hans"]
[Black "Rashkovsky, Nukhim"]
[Result "1/2-1/2"]
[WhiteElo "2460"]
[BlackElo "2520"]
[EventDate "1989.12.??"]
[PlyCount "107"]

1.c4 Nf6 2.Nc3 e6 3.Nf3 d5 4.d4 Bb4 5.Bg5 h6 6.Bxf6 Qxf6 7.e3 O-O 8.Rc1 
Nd7 9.cxd5 exd5 10.a3 Bxc3+ 11.Rxc3 c6 12.Bd3 Nb6 13.Qb1 Bh3 14.O-O Nc8 
15.b4 Nd6 16.Rfc1 Rfe8 17.Ne5 Qg5 18.g3 Ne4 19.R3c2 f6 20.Nf3 Qh5 21.Nh4 
g5 22.Ng2 a6 23.Rb2 Bf5 24.a4 Qg6 25.Ne1 Nd6 26.Bxf5 Qxf5 27.Qxf5 Nxf5 28.
b5 axb5 29.axb5 Rec8 30.bxc6 bxc6 31.Rb6 Ne7 32.Rb7 Kf7 33.Nd3 Rcb8 34.
Rcb1 Rxb7 35.Rxb7 Ra5 36.g4 Rb5 37.Ra7 Ke8 38.Kg2 Ng6 39.Kf3 Rb3 40.Ke2 
Kf8 41.Rc7 Ne7 42.Nc5 Rb2+ 43.Kf3 Rc2 44.Kg3 Rc1 45.Ne6+ Kf7 46.Ng7 Rg1+ 
47.Kf3 Kxg7 48.Rxe7+ Kg6 49.h3 Rc1 50.Kg3 h5 51.gxh5+ Kxh5 52.Rc7 Rc2 53.
f4 Kg6 54.Kg4 1/2-1/2

[Event "2nd GMA World Cup prel  #3"]
[Site "Palma de Mallorca"]
[Date "1989.??.??"]
[Round "2"]
[White "Yakovich, Yury"]
[Black "Kindermann, Stefan"]
[Result "1/2-1/2"]
[WhiteElo "2450"]
[BlackElo "2530"]
[EventDate "1989.12.??"]
[PlyCount "69"]

1.d4 Nf6 2.c4 g6 3.Nc3 d5 4.Bf4 Bg7 5.e3 c5 6.dxc5 Qa5 7.Qb3 Nc6 8.Qb5 Be6
9.Qxb7 O-O 10.Qb5 dxc4 11.Bxc4 Bxc4 12.Qxc4 Nb4 13.Kf1 Nd7 14.a3 Nc6 15.
Nge2 Nde5 16.Qe4 Qxc5 17.b4 Qc4 18.Rc1 Rfd8 19.g3 Qb3 20.b5 f5 21.Qa4 Qxa4
22.Nxa4 Na5 23.Bxe5 Bxe5 24.f4 Bf6 25.Kf2 Rd3 26.Nc5 Rxa3 27.Nd7 Bg7 28.b6
axb6 29.Nxb6 Rb8 30.Rb1 Rd8 31.Rhd1 Rdd3 32.Rxd3 Rxd3 33.Rb5 Nb3 34.Rd5 
Rxd5 35.Nxd5 1/2-1/2

[Event "2nd GMA World Cup prel  #3"]
[Site "Palma de Mallorca"]
[Date "1989.??.??"]
[Round "2"]
[White "Sokolov, Ivan"]
[Black "Tseitlin, Mikhail"]
[Result "0-1"]
[WhiteElo "2525"]
[BlackElo "2445"]
[EventDate "1989.12.??"]
[PlyCount "58"]

1.d4 f5 2.Nc3 d5 3.Bg5 c6 4.e3 Qb6 5.Bd3 Qxb2 6.Nge2 Nf6 7.f3 g6 8.e4 dxe4
9.fxe4 fxe4 10.Nxe4 Nbd7 11.O-O Bg7 12.N4g3 O-O 13.Bc4+ Kh8 14.Qd3 Qb6 15.
Kh1 e5 16.c3 exd4 17.cxd4 Nd5 18.Bxd5 cxd5 19.Qa3 Kg8 20.Nf4 Qa6 21.Qe3 
Nb6 22.Nfh5 gxh5 23.Rxf8+ Bxf8 24.Bf6 h6 25.Nxh5 Bf5 26.Qg3+ Kh7 27.Be7 
Nd7 28.Bxf8 Qg6 29.Bxh6 Kxh6 0-1

[Event "2nd GMA World Cup prel  #3"]
[Site "Palma de Mallorca"]
[Date "1989.??.??"]
[Round "2"]
[White "Piket, Jeroen"]
[Black "Shamkovich, Leonid"]
[Result "1-0"]
[WhiteElo "2540"]
[BlackElo "2425"]
[EventDate "1989.12.??"]
[PlyCount "81"]

1.d4 Nf6 2.Nf3 b6 3.c4 e6 4.g3 Bb7 5.Bg2 Bb4+ 6.Bd2 Bxd2+ 7.Qxd2 d6 8.O-O 
O-O 9.Qc2 c5 10.Rd1 Qe7 11.Nc3 Nc6 12.e4 cxd4 13.Nxd4 Rac8 14.Nxc6 Bxc6 
15.Rd4 Rfd8 16.Rad1 e5 17.R4d2 a6 18.Qb3 b5 19.cxb5 axb5 20.Qb4 Ne8 21.Bf1
Rb8 22.Bxb5 Bxb5 23.Nxb5 Qb7 24.a4 h6 25.Qc4 Qa6 26.b3 Rdc8 27.Qd3 Rb6 28.
Rc2 Rxc2 29.Qxc2 Rc6 30.Qd3 Kf8 31.Rd2 Qa5 32.Rc2 Rxc2 33.Qxc2 Ke7 34.Qc4 
g5 35.Kg2 Qd2 36.Nc3 Nf6 37.a5 h5 38.h3 g4 39.h4 Qe1 40.a6 Qa1 41.Qc7+ 1-0

[Event "2nd GMA World Cup prel  #3"]
[Site "Palma de Mallorca"]
[Date "1989.??.??"]
[Round "2"]
[White "Schussler, Harry"]
[Black "Bilek, Istvan"]
[Result "1-0"]
[WhiteElo "2540"]
[BlackElo "2420"]
[EventDate "1989.12.??"]
[PlyCount "68"]

1.d4 g6 2.c4 Bg7 3.Nc3 d6 4.Nf3 Bg4 5.e3 Nf6 6.Be2 O-O 7.O-O c5 8.h3 Bf5 
9.d5 Ne4 10.Nxe4 Bxe4 11.Ng5 Bf5 12.e4 Bd7 13.f4 e6 14.Kh1 Qe7 15.Bd3 h6 
16.Nf3 Na6 17.Bd2 exd5 18.cxd5 c4 19.Bc2 Nc5 20.e5 dxe5 21.fxe5 Nd3 22.
Bxd3 cxd3 23.Qb3 Rfd8 24.Bb4 Qe8 25.Rfe1 Bb5 26.e6 Rac8 27.e7 Rd7 28.Rac1 
Rdc7 29.Rxc7 Rxc7 30.d6 Rc2 31.a4 Bd7 32.Qxd3 Rxb2 33.Ba3 Ra2 34.Qb3 Ra1 
1-0

[Event "2nd GMA World Cup prel  #3"]
[Site "Palma de Mallorca"]
[Date "1989.??.??"]
[Round "2"]
[White "Klaric, Zlatko"]
[Black "Romanishin, Oleg"]
[Result "0-1"]
[WhiteElo "2445"]
[BlackElo "2515"]
[EventDate "1989.12.??"]
[PlyCount "82"]

1.d4 Nf6 2.Nf3 g6 3.g3 Bg7 4.Bg2 O-O 5.O-O c6 6.b3 d6 7.Bb2 Qa5 8.Re1 Ne4 
9.Nfd2 Ng5 10.e4 Nh3+ 11.Kf1 c5 12.Nc4 Qa6 13.e5 Nc6 14.f4 cxd4 15.exd6 
exd6 16.Bf3 d5 17.Bxd5 Rd8 18.Qf3 h5 19.Nd2 Bg4 20.Qg2 Rac8 21.a4 Rc7 22.
Bf3 Nb4 23.Rac1 d3 24.Bxg7 Kxg7 25.c3 Na2 26.Ne3 Nxc1 27.Rxc1 Qe6 28.Re1 
Nxf4 29.Bxg4 Nxg2 30.Bxe6 Nxe1 31.Bh3 Nc2 32.Nec4 Re7 33.Bg2 Re1+ 34.Kf2 
Re2+ 35.Kg1 Rde8 36.Kf1 Re1+ 37.Kf2 a6 38.a5 R8e7 39.b4 f5 40.Nb3 R1e2+ 
41.Kf1 Rc7 0-1

[Event "2nd GMA World Cup prel  #3"]
[Site "Palma de Mallorca"]
[Date "1989.??.??"]
[Round "2"]
[White "Groszpeter, Attila"]
[Black "Gomez Esteban, Juan Mario"]
[Result "1-0"]
[WhiteElo "2515"]
[BlackElo "2440"]
[EventDate "1989.12.??"]
[PlyCount "81"]

1.d4 Nf6 2.c4 e6 3.Nf3 b6 4.g3 Bb7 5.Bg2 Be7 6.Nc3 Ne4 7.Bd2 Bf6 8.Qc2 
Nxd2 9.Qxd2 O-O 10.e4 c5 11.O-O Nc6 12.Nb5 cxd4 13.Nbxd4 Nxd4 14.Nxd4 a6 
15.Rac1 Qc7 16.b4 d6 17.Nb3 Rfd8 18.Qe3 Rac8 19.Rfd1 g6 20.h4 Bc6 21.Nd4 
Ba4 22.Re1 Qa7 23.Ne2 Qb8 24.Qa3 Bc6 25.Qxa6 Rc7 26.Qa3 Ra7 27.Qe3 Bg7 28.
Nd4 Be8 29.Re2 Rc8 30.Rec2 Ra4 31.a3 Qa7 32.Nb5 Bxb5 33.cxb5 Rxc2 34.Rxc2 
h5 35.e5 Bxe5 36.Rc8+ Kh7 37.Ra8 Qxa8 38.Bxa8 Rxa8 39.Qxb6 Rxa3 40.Qc7 Rf3
41.b6 1-0

[Event "2nd GMA World Cup prel  #3"]
[Site "Palma de Mallorca"]
[Date "1989.??.??"]
[Round "2"]
[White "Ubilava, Elizbar"]
[Black "Panchenko, Alexander"]
[Result "1/2-1/2"]
[WhiteElo "2525"]
[BlackElo "2430"]
[EventDate "1989.12.??"]
[PlyCount "88"]

1.g3 e5 2.c4 g6 3.d4 d6 4.Nc3 Bg7 5.dxe5 dxe5 6.Qxd8+ Kxd8 7.f4 Be6 8.e4 
Nd7 9.Nf3 exf4 10.gxf4 Bxc3+ 11.bxc3 Ngf6 12.Ng5 Re8 13.e5 Nh5 14.Be3 c6 
15.Be2 Kc7 16.O-O Ng7 17.Nxh7 Nf5 18.Bf2 Nb6 19.Ng5 Nd7 20.Ne4 Red8 21.
Rab1 Nb6 22.Rb4 Nd7 23.a4 b6 24.Rfb1 Rab8 25.Ra1 c5 26.Rb2 a5 27.Rab1 Rf8 
28.Rd1 f6 29.Rxd7+ Bxd7 30.Nxf6 Rxf6 31.exf6 Rf8 32.Bd1 Rxf6 33.Rd2 Rd6 
34.Rxd6 Nxd6 35.Bc2 Bf5 36.Bxf5 gxf5 37.Kf1 Nxc4 38.Ke2 Kd6 39.h4 Ke6 40.
h5 Kf7 41.Bh4 Kg7 42.Kd3 Nb2+ 43.Kc2 Nc4 44.Kd3 Nb2+ 1/2-1/2

[Event "2nd GMA World Cup prel  #3"]
[Site "Palma de Mallorca"]
[Date "1989.??.??"]
[Round "2"]
[White "Arnason, Jon"]
[Black "Donaldson-Akhmilovskaya, Elena"]
[Result "1/2-1/2"]
[WhiteElo "2520"]
[BlackElo "2430"]
[EventDate "1989.12.??"]
[PlyCount "55"]

1.e4 e5 2.Nf3 Nc6 3.Bb5 a6 4.Ba4 Nf6 5.O-O Be7 6.Re1 b5 7.Bb3 d6 8.c3 O-O 
9.h3 Bb7 10.d4 Re8 11.a4 h6 12.Nbd2 Bf8 13.Bc2 Nb8 14.Bd3 c6 15.b4 Nbd7 
16.Nb3 Nb6 17.Na5 Qc7 18.axb5 axb5 19.Qc2 exd4 20.Nxd4 Nc4 21.Bxc4 bxc4 
22.Bf4 c5 23.Nb5 Qd7 24.Nxb7 Rxa1 25.Rxa1 Qxb5 26.Nxd6 Bxd6 27.Bxd6 cxb4 
28.Bxb4 1/2-1/2

[Event "2nd GMA World Cup prel  #3"]
[Site "Palma de Mallorca"]
[Date "1989.??.??"]
[Round "2"]
[White "Reshevsky, Samuel"]
[Black "Vasiukov, Evgeny"]
[Result "0-1"]
[WhiteElo "2430"]
[BlackElo "2515"]
[EventDate "1989.12.??"]
[PlyCount "84"]

1.d4 f5 2.g3 Nf6 3.c4 d6 4.Nf3 g6 5.Nc3 Bg7 6.Bg2 O-O 7.O-O Na6 8.b3 c6 9.
Bb2 Qe8 10.d5 Bd7 11.Nd4 Rc8 12.Rb1 Nc5 13.b4 Nce4 14.Nxe4 Nxe4 15.Ne6 
Bxe6 16.Bxg7 Kxg7 17.dxe6 Nf6 18.Qd4 b6 19.c5 Qd8 20.Rfd1 bxc5 21.bxc5 d5 
22.Rb7 Rc7 23.Rdb1 Qc8 24.Rxc7 Qxc7 25.Qa4 Qc8 26.Qxa7 Qxe6 27.e3 Ne4 28.
Bxe4 fxe4 29.Qa4 Qf6 30.Qc2 Ra8 31.a4 h5 32.h4 Kf7 33.Qb2 Qxb2 34.Rxb2 Ra5
35.Ra2 Ke6 36.Kf1 Kd7 37.f3 Kc7 38.fxe4 dxe4 39.Rf2 Rxc5 40.Rf7 Rf5+ 41.
Rxf5 gxf5 42.Ke2 Kb6 0-1

[Event "2nd GMA World Cup prel  #3"]
[Site "Palma de Mallorca"]
[Date "1989.??.??"]
[Round "2"]
[White "Spraggett, Kevin"]
[Black "Gurieli, Nino"]
[Result "1-0"]
[WhiteElo "2585"]
[BlackElo "2355"]
[EventDate "1989.12.??"]
[PlyCount "73"]

1.c4 c5 2.g3 Nc6 3.Bg2 g6 4.Nc3 Bg7 5.a3 e6 6.Rb1 Nge7 7.b4 d6 8.Nf3 O-O 
9.O-O Rb8 10.Qb3 b6 11.Bb2 Bb7 12.Rfd1 d5 13.cxd5 exd5 14.d3 d4 15.Ne4 
cxb4 16.axb4 Nf5 17.b5 Na5 18.Qa4 Re8 19.Nfd2 Bd5 20.Ba3 h5 21.Rdc1 Qd7 
22.Bb4 h4 23.Bxa5 bxa5 24.Qxa5 hxg3 25.hxg3 Rbc8 26.Rc5 Bxe4 27.Nxe4 Rxc5 
28.Nxc5 Qe7 29.Ne4 Be5 30.Rc1 Nxg3 31.fxg3 f5 32.Qa6 Kh7 33.Rc6 fxe4 34.
Bxe4 Qg5 35.Rxg6 Qe3+ 36.Kh1 Bf4 37.Qxa7+ 1-0

[Event "2nd GMA World Cup prel  #3"]
[Site "Palma de Mallorca"]
[Date "1989.??.??"]
[Round "2"]
[White "Benjamin, Joel"]
[Black "Arakhamia, Ketevan"]
[Result "1-0"]
[WhiteElo "2530"]
[BlackElo "2405"]
[EventDate "1989.12.??"]
[PlyCount "45"]

1.Nf3 d5 2.c4 c6 3.d4 Nf6 4.e3 e6 5.Nbd2 c5 6.cxd5 Nxd5 7.Nb3 cxd4 8.Qxd4 
Nc6 9.Bb5 Bd7 10.Bxc6 Bxc6 11.O-O Nb4 12.Ne5 Bd5 13.Rd1 f6 14.Qg4 fxe5 15.
e4 Qd6 16.exd5 Nxd5 17.Na5 O-O-O 18.Nc4 Qa6 19.Nxe5 h5 20.Qe4 Bc5 21.Bg5 
Nf6 22.Qc2 Qb6 23.Be3 1-0

[Event "2nd GMA World Cup prel  #3"]
[Site "Palma de Mallorca"]
[Date "1989.??.??"]
[Round "2"]
[White "Spiridonov, Nikola"]
[Black "Lerner, Konstantin"]
[Result "1/2-1/2"]
[WhiteElo "2400"]
[BlackElo "2530"]
[EventDate "1989.12.??"]
[PlyCount "102"]

1.c4 e5 2.g3 Nf6 3.Bg2 d5 4.cxd5 Nxd5 5.Nc3 Nb6 6.Nf3 Nc6 7.O-O Be7 8.a3 
O-O 9.b4 Re8 10.Rb1 Bf8 11.d3 a5 12.b5 Nd4 13.Nd2 a4 14.Re1 Ra7 15.e3 Ne6 
16.Nf3 Nc5 17.d4 exd4 18.Nxd4 Ne6 19.Nce2 g6 20.Bb2 Nc4 21.Qc1 Nxb2 22.
Qxb2 Qd6 23.Red1 Qb6 24.Nc3 Bg7 25.Nd5 Qa5 26.Nxc7 Nxc7 27.b6 Ra8 28.bxc7 
Qxc7 29.Rbc1 Qe7 30.Rc3 Be5 31.h4 Bg4 32.Rdc1 Rad8 33.Qxb7 Qxb7 34.Bxb7 
Bxd4 35.exd4 Rxd4 36.Rc4 Red8 37.Kg2 Be6 38.Rxd4 Rxd4 39.Bc6 Bb3 40.Kf3 
Rd2 41.Ra1 Rd6 42.Bb5 Re6 43.Kg2 Re5 44.Bd3 Rd5 45.Be4 Rd4 46.Kf3 f5 47.
Bc6 Rd6 48.Bb5 Rd5 49.Ba6 Rc5 50.Bd3 Kf7 51.Ke3 Kf6 1/2-1/2

[Event "2nd GMA World Cup prel  #3"]
[Site "Palma de Mallorca"]
[Date "1989.??.??"]
[Round "2"]
[White "Kovacevic, Vladimir"]
[Black "Mellado Trivino, Juan"]
[Result "1-0"]
[WhiteElo "2515"]
[BlackElo "2400"]
[EventDate "1989.12.??"]
[PlyCount "81"]

1.d4 Nf6 2.Nf3 g6 3.Bg5 Bg7 4.e3 O-O 5.Be2 d6 6.c4 Nbd7 7.Nc3 c6 8.Qc2 Rb8
9.O-O a6 10.a4 b6 11.Nd2 Bb7 12.f4 Qc7 13.f5 b5 14.b4 bxc4 15.Bxc4 a5 16.
fxg6 hxg6 17.b5 cxb5 18.Nxb5 Qc6 19.Nb3 Ra8 20.Rac1 Qe4 21.Qe2 Nb6 22.Bxf6
exf6 23.Nxd6 Qe7 24.Nxb7 Qxb7 25.Bb5 Qe7 26.Rc5 f5 27.Qf3 Ra7 28.Rfc1 Bh6 
29.R1c3 Nd7 30.Bxd7 Qxd7 31.Rb5 Re8 32.Qg3 Raa8 33.h4 Qe7 34.Kh2 Bxe3 35.
Rxf5 Bh6 36.h5 Qe6 37.Rcf3 Ra7 38.Rf6 Qe4 39.hxg6 fxg6 40.Nc5 Qxd4 41.
Qxg6+ 1-0

[Event "2nd GMA World Cup prel  #3"]
[Site "Palma de Mallorca"]
[Date "1989.??.??"]
[Round "2"]
[White "Ghitescu, Theodor"]
[Black "Rivas Pastor, Manuel"]
[Result "1-0"]
[WhiteElo "2390"]
[BlackElo "2525"]
[EventDate "1989.12.??"]
[PlyCount "64"]

1.d4 d6 2.c4 e5 3.Nf3 Nc6 4.d5 Nce7 5.e4 Ng6 6.Nc3 a5 7.h3 b6 8.Be3 f5 9.
exf5 Bxf5 10.Bd3 Bxd3 11.Qxd3 Be7 12.Ne4 Qd7 13.Nfg5 Nf8 14.f4 exf4 15.
Bxf4 h6 16.Nf3 g5 17.Bd2 Rh7 18.O-O-O Rf7 19.Nd4 Kd8 20.Rhf1 Rxf1 21.Rxf1 
Kc8 22.Nc6 Qe8 23.Bc3 Kb7 24.Ng3 Qg6 25.Qxg6 Nxg6 26.Rf7 g4 27.hxg4 Bg5+ 
28.Kd1 Rf8 29.Rg7 Nh4 30.Ne4 Nxg2 31.Nxd6+ Ka6 32.Rxc7 Ne3+ 1-0

[Event "2nd GMA World Cup prel  #3"]
[Site "Palma de Mallorca"]
[Date "1989.??.??"]
[Round "2"]
[White "Renet, Olivier"]
[Black "Rantanen, Yrjo"]
[Result "0-1"]
[WhiteElo "2515"]
[BlackElo "2380"]
[EventDate "1989.12.??"]
[PlyCount "52"]

1.e4 c5 2.Nf3 Nc6 3.d4 cxd4 4.Nxd4 g6 5.c4 Bg7 6.Be3 Nf6 7.Nc3 O-O 8.Be2 
b6 9.O-O Bb7 10.Nb3 d6 11.f4 Rc8 12.Bf3 e5 13.Nb5 exf4 14.Bxf4 Ne8 15.Nxd6
Nxd6 16.Bxd6 Bxb2 17.e5 Qg5 18.Bd5 Bxa1 19.Qxa1 Nd8 20.Bxf8 Bxd5 21.cxd5 
Rc2 22.Rf2 Qe3 23.Qf1 Kxf8 24.e6 Rxa2 25.exf7 Rxf2 26.Qxf2 Qxb3 0-1

[Event "2nd GMA World Cup prel  #3"]
[Site "Palma de Mallorca"]
[Date "1989.??.??"]
[Round "2"]
[White "Illescas Cordoba, Miguel"]
[Black "San Segundo Carrillo, Pablo"]
[Result "1/2-1/2"]
[WhiteElo "2510"]
[BlackElo "2375"]
[EventDate "1989.12.??"]
[PlyCount "176"]

1.Nf3 c5 2.c4 g6 3.e4 Bg7 4.d4 d6 5.Be2 Nf6 6.Nc3 O-O 7.O-O Na6 8.Be3 Ng4 
9.Bg5 h6 10.Bh4 Re8 11.d5 Qb6 12.Qd2 e5 13.Rab1 g5 14.Nxg5 hxg5 15.Qxg5 
Nh6 16.Qh5 Kf8 17.Bg5 Ng8 18.f4 f6 19.Qg6 Bd7 20.Bh5 Re7 21.fxe5 dxe5 22.
Bxf6 Nxf6 23.Rxf6+ Qxf6 24.Rf1 Qxf1+ 25.Kxf1 Kg8 26.Qg5 Rf8+ 27.Ke2 Be8 
28.Bg4 Bd7 29.Bf5 Bxf5 30.exf5 Ref7 31.g4 Nb8 32.Ne4 Nd7 33.Qg6 Nf6 34.
Nxc5 Rc8 35.Ne6 Rxc4 36.g5 Nxd5 37.f6 Rc6 38.Qe4 Nxf6 39.gxf6 Rxe6 40.fxg7
Kxg7 41.Qe3 a6 42.Qg5+ Kf8 43.Qd8+ Re8 44.Qh4 Kg8 45.Qg4+ Rg7 46.Qc4+ Kf8 
47.Qc5+ Rge7 48.Qf2+ Kg8 49.Qf6 Re6 50.Qg5+ Kf7 51.Qf5+ Kg7 52.Qg4+ Kf6 
53.Qf3+ Kg6 54.Qg2+ Kh6 55.Qxb7 e4 56.Qf7 e3 57.b4 R8e7 58.Qg8 Rf6 59.h4 
Rf2+ 60.Ke1 Rf5 61.Qc8 Ree5 62.Qxa6+ Kh5 63.Qe2+ Kxh4 64.a4 Kg3 65.a5 Rf3 
66.Qb2 Re4 67.Qg7+ Kf4 68.Qf6+ Kg4 69.Qg6+ Kf4 70.Qd6+ Kg4 71.Qd7+ Kf4 72.
Qc7+ Kg4 73.Qc8+ Kf4 74.Qb8+ Kg4 75.Qg8+ Kf4 76.Qb8+ Kg4 77.Qc8+ Kf4 78.
Qc7+ Kg4 79.Qd7+ Kf4 80.Qf7+ Kg4 81.Qh7 Rff4 82.Qg6+ Kh4 83.Ke2 Rf2+ 84.
Kd3 Rff4 85.Qh6+ Kg4 86.Ke2 Rf2+ 87.Ke1 Rff4 88.Qg7+ Kh4 1/2-1/2

[Event "2nd GMA World Cup prel  #3"]
[Site "Palma de Mallorca"]
[Date "1989.??.??"]
[Round "2"]
[White "Maric, Alisa"]
[Black "Conquest, Stuart"]
[Result "0-1"]
[WhiteElo "2355"]
[BlackElo "2515"]
[EventDate "1989.12.??"]
[PlyCount "82"]

1.Nf3 Nf6 2.c4 e6 3.g3 d5 4.b3 a5 5.Bg2 a4 6.Na3 Be7 7.O-O O-O 8.Bb2 b6 9.
d3 Bb7 10.Ne5 Nbd7 11.Nxd7 Qxd7 12.Qc2 Ra5 13.Qd2 c5 14.e3 Rd8 15.Rfd1 
Raa8 16.Qe2 Bc6 17.Bc3 Qb7 18.Qe1 d4 19.Bxc6 Qxc6 20.exd4 cxd4 21.Bb2 Rd7 
22.Nb5 Rad8 23.b4 Qf3 24.a3 h5 25.Rd2 h4 26.Qe2 Qf5 27.f3 Nh5 28.Qg2 Qg6 
29.Kf2 Qh6 30.Re2 hxg3+ 31.hxg3 Nxg3 32.Bc1 Qh5 33.Re1 Bh4 34.Kg1 e5 35.
Bd2 Re7 36.f4 exf4 37.Rxe7 Bxe7 38.Re1 Bg5 39.Nc7 Nf5 40.Nd5 Ne3 41.Bxe3 
dxe3 0-1

[Event "2nd GMA World Cup prel  #3"]
[Site "Palma de Mallorca"]
[Date "1989.??.??"]
[Round "2"]
[White "Jansa, Vlastimil"]
[Black "Gurgenidze, Bukhuti"]
[Result "1/2-1/2"]
[WhiteElo "2505"]
[BlackElo "2360"]
[EventDate "1989.12.??"]
[PlyCount "113"]

1.e4 c5 2.Nf3 Nc6 3.Bb5 Nf6 4.Nc3 Nd4 5.e5 Nxb5 6.Nxb5 Nd5 7.Ng5 f6 8.Qh5+
g6 9.Qf3 fxg5 10.Qxd5 a6 11.Na3 e6 12.Qe4 Rb8 13.Nc4 b5 14.Nd6+ Bxd6 15.
exd6 Bb7 16.Qg4 h5 17.Qg3 h4 18.Qc3 O-O 19.O-O Rf5 20.b3 b4 21.Qe3 Qf8 22.
Bb2 Qxd6 23.Rad1 e5 24.d3 Qd5 25.f3 d6 26.h3 a5 27.a4 bxa3 28.Bxa3 Bc6 29.
Qe4 Qd4+ 30.Qxd4 exd4 31.Rfe1 Kf7 32.Rd2 a4 33.bxa4 Bxa4 34.Rde2 Rb7 35.
Bc1 Bc6 36.Re6 Rd7 37.R6e2 Bd5 38.Kf2 Kf6 39.Bd2 Re5 40.Bc1 Rxe2+ 41.Rxe2 
Rb7 42.Ke1 Rb1 43.Kd2 Bc6 44.Re1 Ba4 45.Rd1 Bc6 46.Ba3 Rxd1+ 47.Kxd1 g4 
48.fxg4 Bxg2 49.Ke2 Bc6 50.Bc1 g5 51.Bd2 Ba4 52.c3 dxc3 53.Bxc3+ Kg6 54.d4
Bc6 55.dxc5 dxc5 56.Kf2 c4 57.Kf1 1/2-1/2

[Event "2nd GMA World Cup prel  #3"]
[Site "Palma de Mallorca"]
[Date "1989.??.??"]
[Round "2"]
[White "Makarichev, Sergei"]
[Black "Veroci-Petronic, Zsuzsa"]
[Result "1-0"]
[WhiteElo "2510"]
[BlackElo "2340"]
[EventDate "1989.12.??"]
[PlyCount "79"]

1.c4 g6 2.Nc3 Bg7 3.g3 c5 4.Bg2 Nc6 5.a3 a6 6.Rb1 Rb8 7.b4 cxb4 8.axb4 b5 
9.cxb5 axb5 10.e4 e5 11.Nge2 Nge7 12.d3 O-O 13.Bg5 f6 14.Be3 f5 15.O-O Nd4
16.Qd2 d6 17.Bg5 Ne6 18.Bxe7 Qxe7 19.Nd5 Qf7 20.f4 exf4 21.exf5 gxf5 22.
Ndxf4 Nxf4 23.Nxf4 Bb7 24.d4 Bxg2 25.Kxg2 Rfe8 26.d5 Bh6 27.Qd3 Bxf4 28.
Rxf4 Re5 29.Rd1 Rbe8 30.Rd2 Re4 31.Qxb5 Rxf4 32.gxf4 Qg6+ 33.Kf1 Re4 34.
Rg2 Rxf4+ 35.Kg1 Rg4 36.Qe2 Kf7 37.Rxg4 fxg4 38.b5 h5 39.b6 Qb1+ 40.Qf1+ 
1-0

[Event "2nd GMA World Cup prel  #3"]
[Site "Palma de Mallorca"]
[Date "1989.??.??"]
[Round "2"]
[White "Izeta Txabarri, Felix"]
[Black "Ermenkov, Evgeny"]
[Result "1/2-1/2"]
[WhiteElo "2340"]
[BlackElo "2500"]
[EventDate "1989.12.??"]
[PlyCount "105"]

1.d4 d6 2.e4 g6 3.Nc3 Bg7 4.Be3 a6 5.Qd2 b5 6.O-O-O Bb7 7.f3 Nd7 8.h4 h5 
9.Nh3 c5 10.dxc5 dxc5 11.Ng5 Nh6 12.g3 e6 13.Bh3 Qe7 14.Bf4 Ne5 15.Bxe5 
Bxe5 16.f4 Bc7 17.Rhe1 Ba5 18.f5 Rd8 19.Qf4 Rxd1+ 20.Rxd1 Bc7 21.Qd2 exf5 
22.exf5 O-O 23.fxg6 Rd8 24.gxf7+ Nxf7 25.Re1 Be5 26.Qe3 Nxg5 27.hxg5 Re8 
28.Kb1 Bc6 29.Bf5 Kg7 30.g4 hxg4 31.Bxg4 b4 32.Bh5 Rh8 33.Qxe5+ Qxe5 34.
Rxe5 Rxh5 35.Ne2 Bb5 36.Nc1 c4 37.Rc5 Kg6 38.a4 bxa3 39.bxa3 Rxg5 40.Rxg5+
Kxg5 41.Kb2 Kf4 42.Kc3 Ke3 43.Na2 a5 44.Nc1 Ba6 45.a4 Ke4 46.Ne2 Bc8 47.
Nd4 Bd7 48.Kxc4 Bxa4 49.Nb3 Ke3 50.Kc3 Ke2 51.Kb2 Ke3 52.Ka3 Bxb3 53.Kxb3 
1/2-1/2

[Event "2nd GMA World Cup prel  #3"]
[Site "Palma de Mallorca"]
[Date "1989.??.??"]
[Round "2"]
[White "Nikolic, Stanimir"]
[Black "Milos, Gilberto"]
[Result "0-1"]
[WhiteElo "2320"]
[BlackElo "2510"]
[EventDate "1989.12.??"]
[PlyCount "126"]

1.d4 Nf6 2.Nf3 g6 3.Nbd2 d5 4.c4 Bg7 5.e3 O-O 6.cxd5 Nxd5 7.Nb3 a5 8.a3 
Nd7 9.Bc4 N5b6 10.Be2 a4 11.Nbd2 e5 12.O-O Qe7 13.Bd3 exd4 14.exd4 Nf6 15.
Re1 Qd6 16.Qc2 Be6 17.Nc4 Nxc4 18.Bxc4 Bxc4 19.Qxc4 Nd5 20.Bd2 Rfd8 21.Bg5
f6 22.Bd2 Qa6 23.Qa2 Qb5 24.Rad1 Re8 25.h3 Kf7 26.Be3 Re6 27.Rc1 c6 28.Bd2
Rae8 29.Rxe6 Rxe6 30.Rc5 Qe2 31.Qb1 b6 32.Rc1 Qb5 33.Qc2 Ke7 34.h4 Kd7 35.
h5 Qb3 36.Qb1 f5 37.h6 Bh8 38.Qc2 Qxc2 39.Rxc2 f4 40.Kf1 Bf6 41.Bc1 g5 42.
Re2 Rxe2 43.Kxe2 Ke6 44.Kd3 Kf5 45.Nh2 Nc7 46.Bd2 Nb5 47.Bc3 Nxc3 48.bxc3 
Be7 49.Nf3 b5 50.Ne5 c5 51.c4 cxd4 52.Nc6 bxc4+ 53.Kxc4 Bxa3 54.Nxd4+ Kg6 
55.Nc2 Bf8 56.Kb5 a3 57.Ka4 Kxh6 58.Nxa3 Bxa3 59.Kxa3 Kh5 60.Kb3 Kg4 61.
Kc2 f3 62.g3 Kh3 63.Kd3 Kg2 0-1